Innovations in the Past and Today
Autor sa venuje otázkam inovácií a ich rozvoju, modelom a ukazovateľom ovplyvňujúcich inovácie, ktoré sú znázornené v myšlienkových mapách.
Saved in:
| Main Author: | |
|---|---|
| Format: | Book Chapter |
| Language: | English |
| Subjects: | |
| Tags: |
No Tags, Be the first to tag this record!
|
MARC
| LEADER | 00000nla a2200000 4500 | ||
|---|---|---|---|
| 001 | 0240475 | ||
| 005 | 20240502073916.4 | ||
| 041 | 0 | |a eng | |
| 044 | |a SK | ||
| 245 | 1 | 0 | |a Innovations in the Past and Today |c Denisa Šefčíková |
| 520 | |a Autor sa venuje otázkam inovácií a ich rozvoju, modelom a ukazovateľom ovplyvňujúcich inovácie, ktoré sú znázornené v myšlienkových mapách. | ||
| 610 | 2 | 0 | |a inovácia |
| 610 | 2 | 0 | |a modely |
| 610 | 2 | 0 | |a podnik |
| 610 | 2 | 0 | |a vývoj |
| 100 | 1 | |a Šefčíková, Denisa | |